00603nam a2200217Ia 450000500170000000800410001702000150005808200200007310000220009324500390011526000350015430000120018965000100020165000190021165000130023065000120024365000130025594200060026895200960027499900150037020250217060103.0240331s9999 xx 000 0 und d a014040029X bWOL2319a305.4 aWollstonecraft, M 0aVindication of the Rights of Woman aMiddlesexbPelican Booksc1975 a319 p., aWomen aWomen's Rights aMorality aSociety aEconomic cL 001040708LaWERCLbWERCLcSSCd2024-03-31l0o 305.4 WOLp319r2024-03-31w2024-03-31yL c1726d1726